MDQL
is popping MORE tags! Check the
thread
!
Quizzes
Events
Quiz Creation
Community
Videos
Private Events
Remove Ads
Sign In
Join for FREE
Feedback
Dark Mode
Quiz Categories
Sports
Geography
Music
Movies
Television
Just For Fun
Miscellaneous
History
Literature
Language
Science
Gaming
Entertainment
Religion
Holiday
For Kids
Quiz Lab
Recent
Popular Today
Quiz Kudos Today
Editor Picks
Curator Picks
Quizzes by...
Day
Popularity
Type
Ratings
Length
Year
Community
Subscriptions
Recent Discussions
Orange Saloon
Badges
Playlists
Quests
Create
Leaderboards
Showdown
Live 5
Trivia Bingo
Activity
Puzzle Library
Sporcle Events
Private Events
Virtual Trivia
Globe League
Become a Host
Pub Owners
SporcleCon
Opinionation
Our Games
Videos
Blog
Mobile Apps
Partnerships
Remove Ads and Go Orange
Feedback
History
US Presidents
World Leaders
Politics
Nation
Discovery
War
Decade
Year
Century
Biography
Art
History
US Presidents
World Leaders
Politics
Nation
Discovery
War
Decade
Year
Century
Biography
Art
Random Quiz
Search Sporcle
×
Quiz Lab
Quiz Lab
History
Invented
Type in answers that appear in a list
Type in answers that appear in a list
Classic
Best Score? Go Orange.
Words Invented by George Walker Bush Stats
Can you name the Words Invented by George Walker Bush?
By
bknd9597
7m
25 Questions
109 Plays
109 Plays
109 Plays
Comments
Comments
Give Quiz Kudos
Give Quiz Kudos
-
- Ratings
hide this ad
Replay
Link that replays current quiz
Next Quiz
Link to next quiz in quiz playlist
You Got
0%
They Got
Avg Score
6%
Avg Friend Score
Upgrade to see
Score Distribution
Jump to the score distribution portion of the page
Score
0/25
Timer
07:00
0
Plays Today
Bushism
% Correct
Misunderestimate
87.2%
Internets
22%
Embetterment
7.3%
Suiciders
5.5%
Aleve
5.5%
Islamofascist
4.6%
Peoples
4.6%
Presidentialism
2.8%
Economicist
2.8%
Patriotist
1.8%
Hopefulless
1.8%
Terrorismist
1.8%
Scholarer
1.8%
Bushism
% Correct
Americanist
1.8%
Politicalist
1.8%
Involnesses
1.8%
Reliefism
1.8%
Evil Doerers
1.8%
Geographicalness
1.8%
Unitefullness
1.8%
Obeseness
1.8%
Pressurefull
1.8%
Presidentialness
1.8%
Vetoer
1.8%
Govermenttaion
1.8%
Quiz Playlist
Details
Report
Send in Message
Add To Playlist
Classic:
Type in answers that appear in a list
Last Updated: Feb 16, 2017
Quiz Scoreboard
CHALLENGE
Sign Up to Join the Scoreboard
Show All
Scores
Hide
Comments
May contain spoilers
Recently Published
5x2 Blitz: Bands
by SL_Kpop136
Music
30s
Colored Red Africa Blitz
by spor1
Geography
30s
Find the 'City' Movie
by crazypaving
Movies
60s
More to Explore
Quiz From the Vault
Featured Blog Post
14 Easter Pick-up Lines to Find Eggs With
hide this ad
You Might Also Like...
Tags
george
Invented
Walker
Today's Top Quizzes in History
Browse History
hide this ad
Today's Top Quizzes in Invented
Browse Invented
Top Contributed Quizzes in History
1
Popular People in 1991
2
US National Parks Named After People
3
Order Up: 1000 Years of World Events I
4
Popular People in 1981
5
Popular People in 1951
6
Popular People in 1941
7
Popular People in 1986
8
Popular People in 1921
9
Popular People in 1976
10
Magic 10 Blitz: U.S. Presidents
Explore More
Trending Topics
Crossword
Marvel
Kpop
Harry Potter
Anime
NBA
Disney
WWE
The Office
Song
NFL
Country
Soccer
Pokémon
Puzzle
hide this ad
More By:
bknd9597
Quiz
Plays
Rating
Category
Featured
Created
Spacebar Challenge
674,436
3.26
Just For Fun
Oct 17, 2009
College Football's All Time Team
923
5.00
Sports
Dec 24, 2009
NFL Hall of Famers from Notre Dame
869
3.40
Sports
Nov 13, 2009
College Football Quiz: Notre Dame
793
2.25
Just For Fun
Apr 8, 2010
ABC Family Greek Characters
666
Television
Apr 14, 2010
Go to Creator's Profile
Score Distribution
Quiz Creator Spotlight
bknd9597
Follow
Send a Message
Quizzes Created
-
Created Quiz Play Count
-
More By This Creator
Popular Quizzes Today
1
Find the 'City' Movie
2
Colored Red Africa Blitz
3
Find the US States - No Outlines Minefield
4
5x2 Blitz: Bands
5
The Countries of the World
6
Find the US States
7
US States
8
9x9 Crossword: Cartoon Network
More History Quizzes
On This Day: April 15th II
Published
Trending Quizzes
Colored Red Europe Blitz I
Colored Red Africa Blitz II
Colored Red Europe Blitz II
Colored Red Europe Blitz III
Colored Red Africa Blitz III
Recently Updated
Famous TV Couples
Peacemaker
Champions League XIs: Real Madrid
pecheneg
Largest US Cities 1790-2010
pecheneg
Rides in Walt Disney World
pecheneg
Most Oscar Losses (Acting)
pecheneg
Beyoncé Albums
pecheneg
Leaping Animals
pecheneg
Reality TV Shows (A-Z)
bhenderson79
Rickey Henderson's Hall of Fame Teammates
pecheneg
Champions League XIs: Arsenal
pecheneg
Trending Topics
Crossword
Kpop
Marvel
Anime
NBA
Harry Potter
Disney
WWE
Soccer
Pokémon
NFL
Country
The Office
Song
Puzzle
Your Account Isn't Verified!
In order to create a playlist on Sporcle, you need to verify the email address you used during registration. Go to your
Sporcle Settings
to finish the process.
Report this User
Report this user for behavior that violates our
Community Guidelines
.
Details:
Send Report
Go to the Sporcle.com Mobile Site →
Comments